Sports Quiz

Random Sports Quiz
Score 0/174 Timer 15:00
0 Plays Today
Driver Team % Correct
Alexander WURZMCLAREN - MERCEDES
100%
Andrea de CESARISMCLAREN - FORD COSWORTH
100%
Arturo MERZARIOFERRARI
100%
Arturo MERZARIOFERRARI
100%
Derek BELLFERRARI
100%
Derek BELLMCLAREN - FORD COSWORTH
100%
Eddie IRVINEFERRARI
100%
Eddie IRVINEFERRARI
100%
Eddie IRVINEFERRARI
100%
Eddie IRVINEFERRARI
100%
Giancarlo BAGHETTIFERRARI
100%
Giancarlo BAGHETTIFERRARI
100%
Giancarlo BAGHETTIFERRARI
100%
Giancarlo FISICHELLAFERRARI
100%
Heikki KOVALAINENMCLAREN - MERCEDES
100%
Heikki KOVALAINENMCLAREN - MERCEDES
100%
Martin BRUNDLEMCLAREN - PEUGEOT
100%
Pedro de la ROSAMCLAREN - MERCEDES
100%
Pedro de la ROSAMCLAREN - MERCEDES
100%
Bruno SENNARENAULT
97.4%
Dave WALKERLOTUS - PRATT & WHITNEY
97.4%
Dave WALKERLOTUS - FORD COSWORTH
97.4%
Giancarlo BAGHETTILOTUS - FORD COSWORTH
97.4%
Giancarlo FISICHELLARENAULT
97.4%
Giancarlo FISICHELLARENAULT
97.4%
Giancarlo FISICHELLARENAULT
97.4%
Heikki KOVALAINENRENAULT
97.4%
Heikki KOVALAINENLOTUS - COSWORTH
97.4%
Heikki KOVALAINENLOTUS - RENAULT
97.4%
Heikki KOVALAINENLOTUS - RENAULT
97.4%
Johnny HERBERTLOTUS - LAMBORGHINI
97.4%
Johnny HERBERTLOTUS - JUDD
97.4%
Johnny HERBERTLOTUS - FORD COSWORTH
97.4%
Johnny HERBERTLOTUS - FORD COSWORTH
97.4%
Johnny HERBERTLOTUS - MUGEN HONDA
97.4%
Pastor MALDONADOLOTUS - RENAULT
97.4%
Pastor MALDONADOLOTUS - MERCEDES
97.4%
Pierre GASLYTORO ROSSO - RENAULT
97.4%
Pierre GASLYTORO ROSSO - HONDA
97.4%
Pierre GASLYTORO ROSSO - HONDA
97.4%
Romain GROSJEANRENAULT
97.4%
Romain GROSJEANLOTUS - RENAULT
97.4%
Romain GROSJEANLOTUS - RENAULT
97.4%
Romain GROSJEANLOTUS - RENAULT
97.4%
Romain GROSJEANLOTUS - MERCEDES
97.4%
Romain GROSJEANHAAS - FERRARI
97.4%
Romain GROSJEANHAAS - FERRARI
97.4%
Romain GROSJEANHAAS - FERRARI
97.4%
Romain GROSJEANHAAS - FERRARI
97.4%
Satoru NAKAJIMALOTUS - HONDA
97.4%
Satoru NAKAJIMALOTUS - HONDA
97.4%
Satoru NAKAJIMALOTUS - JUDD
97.4%
Vitaly PETROVRENAULT
97.4%
Vitaly PETROVRENAULT
97.4%
Alexander WURZWILLIAMS - TOYOTA
94.7%
Arturo MERZARIOWILLIAMS - FORD COSWORTH
94.7%
Arturo MERZARIOWILLIAMS - FORD COSWORTH
94.7%
Bruno SENNAWILLIAMS - RENAULT
94.7%
Driver Team % Correct
Derek DALYWILLIAMS - FORD COSWORTH
94.7%
Kazuki NAKAJIMAWILLIAMS - TOYOTA
94.7%
Kazuki NAKAJIMAWILLIAMS - TOYOTA
94.7%
Kazuki NAKAJIMAWILLIAMS - TOYOTA
94.7%
Martin BRUNDLEWILLIAMS - JUDD
94.7%
Pastor MALDONADOWILLIAMS - COSWORTH
94.7%
Pastor MALDONADOWILLIAMS - RENAULT
94.7%
Pastor MALDONADOWILLIAMS - RENAULT
94.7%
Pierre GASLYRED BULL - HONDA
94.7%
Riccardo PATRESEWILLIAMS - HONDA
94.7%
Riccardo PATRESEWILLIAMS - JUDD
94.7%
Riccardo PATRESEWILLIAMS - RENAULT
94.7%
Riccardo PATRESEWILLIAMS - RENAULT
94.7%
Riccardo PATRESEWILLIAMS - RENAULT
94.7%
Riccardo PATRESEWILLIAMS - RENAULT
94.7%
Andrea de CESARISSAUBER - MERCEDES
92.1%
Giancarlo FISICHELLASAUBER - PETRONAS
92.1%
Johnny HERBERTSAUBER - FORD COSWORTH
92.1%
Johnny HERBERTSAUBER - PETRONAS
92.1%
Johnny HERBERTSAUBER - PETRONAS
92.1%
Pedro de la ROSASAUBER - FERRARI
92.1%
Alexander WURZBENETTON - RENAULT
89.5%
Alexander WURZBENETTON - PLAYLIFE
89.5%
Alexander WURZBENETTON - PLAYLIFE
89.5%
Alexander WURZBENETTON - PLAYLIFE
89.5%
Andrea de CESARISJORDAN - FORD COSWORTH
89.5%
Andrea de CESARISJORDAN - HART
89.5%
Eddie IRVINEJORDAN - HART
89.5%
Eddie IRVINEJORDAN - HART
89.5%
Eddie IRVINEJORDAN - PEUGEOT
89.5%
Giancarlo FISICHELLAJORDAN - PEUGEOT
89.5%
Giancarlo FISICHELLABENETTON - PLAYLIFE
89.5%
Giancarlo FISICHELLABENETTON - PLAYLIFE
89.5%
Giancarlo FISICHELLABENETTON - PLAYLIFE
89.5%
Giancarlo FISICHELLABENETTON - RENAULT
89.5%
Giancarlo FISICHELLAJORDAN - HONDA
89.5%
Giancarlo FISICHELLAJORDAN - FORD COSWORTH
89.5%
Johnny HERBERTBENETTON - FORD COSWORTH
89.5%
Johnny HERBERTBENETTON - FORD COSWORTH
89.5%
Johnny HERBERTBENETTON - RENAULT
89.5%
Martin BRUNDLEBENETTON - FORD COSWORTH
89.5%
Martin BRUNDLEJORDAN - PEUGEOT
89.5%
Riccardo PATRESEBENETTON - FORD COSWORTH
89.5%
Eddie IRVINEJAGUAR - FORD COSWORTH
86.8%
Eddie IRVINEJAGUAR - FORD COSWORTH
86.8%
Eddie IRVINEJAGUAR - FORD COSWORTH
86.8%
Johnny HERBERTJAGUAR - FORD COSWORTH
86.8%
Pedro de la ROSAJAGUAR - FORD COSWORTH
86.8%
Pedro de la ROSAJAGUAR - FORD COSWORTH
86.8%
Giancarlo FISICHELLAFORCE INDIA - FERRARI
84.2%
Giancarlo FISICHELLAFORCE INDIA - MERCEDES
84.2%
Andrea de CESARISMINARDI - MOTORI MODERNI
81.6%
Giancarlo FISICHELLAMINARDI - FORD COSWORTH
81.6%
Heikki KOVALAINENCATERHAM - RENAULT
76.3%
Johnny HERBERTSTEWART - FORD COSWORTH
76.3%
Pedro de la ROSAARROWS
76.3%
Pedro de la ROSAARROWS - SUPERTEC
76.3%
Riccardo PATRESEARROWS - FORD COSWORTH
76.3%
Driver Team % Correct
Riccardo PATRESEARROWS - FORD COSWORTH
76.3%
Riccardo PATRESEARROWS - FORD COSWORTH
76.3%
Riccardo PATRESEARROWS - FORD COSWORTH
76.3%
Vitaly PETROVCATERHAM - RENAULT
76.3%
Andrea de CESARISLIGIER - RENAULT
73.7%
Andrea de CESARISLIGIER - RENAULT
73.7%
Johnny HERBERTLIGIER - RENAULT
73.7%
Martin BRUNDLELIGIER - RENAULT
73.7%
Martin BRUNDLELIGIER - MUGEN HONDA
73.7%
Andrea de CESARISALFA ROMEO
71.1%
Andrea de CESARISALFA ROMEO
71.1%
Andrea de CESARISALFA ROMEO
71.1%
Riccardo PATRESEALFA ROMEO
71.1%
Riccardo PATRESEALFA ROMEO
71.1%
Andrea de CESARISTYRRELL - ILMOR
65.8%
Andrea de CESARISTYRRELL - YAMAHA
65.8%
Derek DALYTYRRELL - FORD COSWORTH
65.8%
Derek DALYTYRRELL - FORD COSWORTH
65.8%
Johnny HERBERTTYRRELL - FORD COSWORTH
65.8%
Martin BRUNDLETYRRELL - FORD COSWORTH
65.8%
Martin BRUNDLETYRRELL - FORD COSWORTH
65.8%
Martin BRUNDLETYRRELL - RENAULT
65.8%
Satoru NAKAJIMATYRRELL - FORD COSWORTH
65.8%
Satoru NAKAJIMATYRRELL - HONDA
65.8%
Andrea de CESARISBRABHAM - BMW
63.2%
Bruno SENNAHRT - COSWORTH
63.2%
Derek BELLBRABHAM - FORD COSWORTH
63.2%
Giancarlo BAGHETTIBRABHAM - CLIMAX
63.2%
Martin BRUNDLEBRABHAM - JUDD
63.2%
Martin BRUNDLEBRABHAM - YAMAHA
63.2%
Pedro de la ROSABMW SAUBER - FERRARI
63.2%
Pedro de la ROSAHRT - COSWORTH
63.2%
Riccardo PATRESEBRABHAM - BMW
63.2%
Riccardo PATRESEBRABHAM - BMW
63.2%
Riccardo PATRESEBRABHAM - BMW
63.2%
Riccardo PATRESEBRABHAM - BMW
63.2%
Arturo MERZARIOSHADOW - FORD COSWORTH
50%
Riccardo PATRESESHADOW - FORD COSWORTH
50%
Arturo MERZARIOMARCH - FORD COSWORTH
47.4%
Arturo MERZARIOMARCH - FORD COSWORTH
47.4%
Derek DALYMARCH - FORD COSWORTH
47.4%
Giancarlo BAGHETTIBRM - BRM
47.4%
Andrea de CESARISDALLARA - FORD COSWORTH
42.1%
Andrea de CESARISDALLARA - FORD COSWORTH
42.1%
Giancarlo BAGHETTIA-T-S
42.1%
Derek BELLSURTEES - FORD COSWORTH
39.5%
Derek BELLSURTEES - FORD COSWORTH
39.5%
Derek BELLSURTEES - FORD COSWORTH
39.5%
Derek DALYENSIGN - FORD COSWORTH
39.5%
Derek DALYENSIGN - FORD COSWORTH
39.5%
Arturo MERZARIOMERZARIO - FORD COSWORTH
36.8%
Arturo MERZARIOMERZARIO - FORD COSWORTH
36.8%
Derek DALYTHEODORE - FORD COSWORTH
36.8%
Martin BRUNDLEZAKSPEED
36.8%
Andrea de CESARISRIAL - FORD COSWORTH
31.6%
Arturo MERZARIOISO-MARLBORO - FORD COSWORTH
21.1%
Arturo MERZARIOCOPERSUCAR - FORD COSWORTH
15.8%
Derek BELLTECNO
13.2%

You're not logged in!

Compare scores with friends on all Sporcle quizzes.
OR
Log In

Sporcle TV

Today on Sporcle TV


Watch our educational content, quiz creation guides, and fun videos on Sporcle TV.

Show Comments

Extras

Created Sep 30, 2019ReportNominate
Tags:F1 Drivers, Overrated

Top Quizzes Today


Score Distribution

Paid Content

Your Account Isn't Verified!

In order to create a playlist on Sporcle, you need to verify the email address you used during registration. Go to your Sporcle Settings to finish the process.

Report this User

Report this user for behavior that violates our Community Guidelines.

Details: